Obálka Náhled e-knihy:
PDF Epub
Pro půjčování e-knih musíte být přihlášeni.
Jak si půjčit online?

Mlčící pacientka /

Thriller britského autora s kyperskými kořeny. Psychoterapeut se snaží odhalit tajemství dávné vraždy, které je skryto v autoportrétu mlčící ženy.

Uloženo v:
Hlavní autor: Michaelides, Alex, 1977- (Autor)
Další autoři: Chodil, Jakub, 1996- (Autor)
Médium: E-kniha
Jazyk:Czech
Vydáno: Praha : Motto, 2020
Vydání:Vydání první
Edice:Thriller (Motto)
Témata:
Tagy:
Žádné tagy
LEADER 02551nam a2200505 i 4500
001 311151
003 CZ PrSKC
005 20260601215700.0
007 ta
008 200323s2020 xr g 000 f cze
015 |a cnb003181850 
020 |a 9788026717430  |q (vázáno) 
035 |a (OCoLC)1200255820 
040 |a ABG001  |b cze  |d OLA001  |d ABA001  |e rda 
041 1 |a cze  |h eng 
072 7 |a 821.111-3  |x Anglická próza, anglicky psaná  |2 Konspekt 
080 |a 821.111-31  |2 MRF 
080 |a (0:82-312.4)  |2 MRF 
100 1 |a Michaelides, Alex,  |d 1977-  |7 pna20201069008  |4 aut 
240 1 0 |a Silent patient.  |l Česky 
245 1 0 |a Mlčící pacientka /  |c Alex Michaelides ; přeložil Jakub Chodil 
250 |a Vydání první 
264 1 |a Praha :  |b Motto,  |c 2020 
300 |a 282 stran ;  |c 22 cm 
336 |a text  |b txt  |2 rdacontent 
337 |a bez média  |b n  |2 rdamedia 
338 |a svazek  |b nc  |2 rdacarrier 
490 1 |a Thriller 
500 |a Přeloženo z angličtiny 
504 |a Obsahuje bibliografické odkazy 
520 2 |a Thriller britského autora s kyperskými kořeny. Psychoterapeut se snaží odhalit tajemství dávné vraždy, které je skryto v autoportrétu mlčící ženy.  |b Slavná malířka Alicia Berensonová měla idylické manželství. A pak jednoho dne svého muže zastřelila. Do záhadného případu nemá kdo vnést světlo, protože Alicia od vraždy už šest let nepromluvila ani slovo. Její mlčení chce prolomit psychoterapeut Theo Faber, pro kterého se na první pohled nelogická vražda stane posedlostí. Řešení se možná skrývá v jednom z Aliciiných obrazů. Nakladatelská anotace. 
655 7 |a anglicky psané romány  |7 fd131805  |2 czenas 
655 7 |a detektivní romány  |7 fd132010  |2 czenas 
655 7 |a thrillery (romány)  |7 fd184206  |2 czenas 
655 9 |a fiction in English  |2 eczenas 
655 9 |a detective novels  |2 eczenas 
655 9 |a thrillers (novels)  |2 eczenas 
700 1 |a Chodil, Jakub,  |d 1996-  |7 ola20191050257  |4 trl 
830 0 |a Thriller (Motto) 
900 |a ABA001  |b 20 
928 9 |a Albatros Media - Motto 
044 |a xr 
910 |a RBIT002 
998 |d 205091  |a https://core.palmknihy.cz/api/books/205091/cover?q74kkz  |b https://core.palmknihy.cz/api/books/205091/cover/400?q74kkz  |c https://core.palmknihy.cz/api/books/205091/cover/50?q74kkz  |e 2028-04-27  |g 288  |i 9788026717430  |j https://core.palmknihy.cz/api/books/205091/preview.epub  |k https://core.palmknihy.cz/api/books/205091/preview.pdf  |l   |q 49  |r 1  |s https://www.palmknihy.cz/kniha/205091  |t ebook  |y 2020  |z 0 
999 |d 311149